La sociedad española en la Transición (Record no. 180891)

MARC details
000 -LEADER
campo de control de longitud fija 01059nam a2200277 i 4500
001 - NÚMERO DE CONTROL
campo de control 180891
003 - IDENTIFICADOR DE NÚMERO DE CONTROL
campo de control ES-MaACL
005 - FECHA Y HORA DE LA ÚLTIMA TRANSACCIÓN
campo de control 20250815030717.0
008 - DATOS DE LONGITUD FIJA--INFORMACIÓN GENERAL
campo de control de longitud fija 120813s2011 sp ad |||| | spa d
020 ## - NÚMERO INTERNACIONAL ESTÁNDAR DEL LIBRO
Número Internacional Estándar del Libro 978-84-9940-211-6
080 ## - NÚMERO DE LA CLASIFICACIÓN DECIMAL UNIVERSAL
Número de la Clasificación Decimal Universal 323.2(460)"1975/82"
080 ## - NÚMERO DE LA CLASIFICACIÓN DECIMAL UNIVERSAL
Número de la Clasificación Decimal Universal 94(460)"1975/82"
245 03 - MENCIÓN DEL TÍTULO
Título La sociedad española en la Transición
Resto del título : los movimientos sociales en el proceso democratizador /
Mención de responsabilidad, etc. Rafael Quirosa-Cheyrouze y Muñoz (ed.).
260 ## - PUBLICACIÓN, DISTRIBUCIÓN, ETC.
Lugar de publicación, distribución, etc. Madrid :
Nombre del editor, distribuidor, etc. Biblioteca Nueva,
Fecha de publicación, distribución, etc. [2011]
300 ## - DESCRIPCIÓN FÍSICA
Extensión 429 p. :
Otras características físicas il., gráf. ;
Dimensiones 24 cm.
490 1# - MENCIÓN DE SERIE
Mención de serie Colección historia. Biblioteca Nueva
500 ## - NOTA GENERAL
Nota general Índice onomástico.
504 ## - NOTA DE BIBLIOGRAFÍA, ETC.
Nota de bibliografía, etc. Bibliografía: p. 411-418.
650 #7 - PUNTO DE ACCESO ADICIONAL DE MATERIA--TÉRMINO DE MATERIA
Término de materia o nombre geográfico como elemento de entrada Movimientos sociales-
Subdivisión geográfica España.
9 (RLIN) 151285
651 #7 - PUNTO DE ACCESO ADICIONAL DE MATERIA--NOMBRE GEOGRÁFICO
Nombre geográfico España-
Subdivisión general Historia-
Subdivisión cronológica 1975-1982, Transición.
9 (RLIN) 149272
700 1# - ENTRADA AGREGADA--NOMBRE PERSONAL
Nombre de persona Quirosa-Cheyrouze y Muñoz, Rafael.
9 (RLIN) 138800
830 00 - PUNTO DE ACCESO ADICIONAL DE SERIE-TÍTULO UNIFORME
Título uniforme Colección historia Biblioteca Nueva
9 (RLIN) 180428
852 ## - LOCALIZACIÓN
Ubicación ES-MaACL
Número de control de estantería A-12170
itemnumber 187770
Sublocalización o colección R.148341
Ubicación en estantería Depósito 1
Signatura antigua Olim: N-5175
942 ## - ELEMENTOS DE ENTRADA SECUNDARIOS (KOHA)
Fuente del sistema de clasificación o colocación Clasificación decimal universal
Tipo de ítem Koha Libro impreso
Holdings
Estatus retirado Estado de pérdida Fuente del sistema de clasificación o colocación Estado de daño No para préstamo Biblioteca de origen Biblioteca actual Ubicación en estantería Fecha de adquisición Fuente de adquisición Total de préstamos Signatura topográfica completa Código de barras Visto por última vez Precio de reemplazo Tipo de ítem Koha
    Clasificación decimal universal     Biblioteca del Ateneo de Madrid Biblioteca del Ateneo de Madrid Depósito 1 13/08/2012 Compra   A-12170 1190088 23/02/2023 23/02/2023 Libro impreso